Los guardianes del amuleto / (Registro nro. 6533)

Detalles MARC
000 -LEADER
fixed length control field 01566nam a22003017a 4500
003 - CONTROL NUMBER IDENTIFIER
control field OSt
005 - DATE AND TIME OF LATEST TRANSACTION
control field 20250612104403.0
008 - FIXED-LENGTH DATA ELEMENTS--GENERAL INFORMATION
fixed length control field 200217t2015 sp a|||dr|||| 00| f spa d
020 ## - INTERNATIONAL STANDARD BOOK NUMBER
International Standard Book Number 9788496886506
Qualifying information 9788499449302
040 ## - CATALOGING SOURCE
Original cataloging agency CO--JMCR
Transcribing agency CO--JMCR
041 1# - LANGUAGE CODE
Language code of text/sound track or separate title spa
Language code of original eng
082 04 - DEWEY DECIMAL CLASSIFICATION NUMBER
Classification number J-N
Item number NORg
100 1# - MAIN ENTRY--PERSONAL NAME
Personal name Northrop, Michael,
Relator term autor
9 (RLIN) 638
245 14 - TITLE STATEMENT
Title Los guardianes del amuleto /
Statement of responsibility, etc. Michael Northrop ; traducción de, Victoria Simó Perales
250 ## - EDITION STATEMENT
Edition statement 1a. edición
260 ## - PUBLICATION, DISTRIBUTION, ETC.
Place of publication, distribution, etc. Barcelona :
Name of publisher, distributor, etc. Urano,
Date of publication, distribution, etc. ©2015
300 ## - PHYSICAL DESCRIPTION
Extent 188 páginas :
Other physical details ilustraciones a color ;
Dimensions 22 cm.
490 0# - SERIES STATEMENT
Series statement Tombquest
Volume/sequential designation libro 2
500 ## - GENERAL NOTE
General note Titulo original: Amulet Keepers
505 ## - FORMATTED CONTENTS NOTE
Formatted contents note Un muerto sale de paseo -- Vuelo nocturno -- Aterrizaje de emergencia -- Bienvenidos a Londres -- Fuga por los pelos -- Cambiazo -- Ruidos en la noche -- <<oh, no>> -- Trabajo de oficina -- Empieza la investigación -- Highgate -- Avenida egipcia -- Vacío -- Pelea -- La magia de los libros -- Un roce con el peligro -- lúgubres descubrimientos -- secuelas -- Noticias de última hora -- A plena luz del día -- La oscuridad que se vecina -- LA cripta -- Abajo, mucho más abajo -- Depredador al acecho -- El santuario -- El otro amuleto -- Hundimiento -- Siguientes pasos
520 ## - SUMMARY, ETC.
Summary, etc. Los caminantes de la muerte ya están entre nosotros.
546 1# - LANGUAGE NOTE
Language note Traducido del inglés
650 14 - SUBJECT ADDED ENTRY--TOPICAL TERM
Topical term or geographic name entry element Novela
Geographic subdivision Estadounidense
9 (RLIN) 643
650 14 - SUBJECT ADDED ENTRY--TOPICAL TERM
Topical term or geographic name entry element Novela
General subdivision Misterios
9 (RLIN) 644
650 14 - SUBJECT ADDED ENTRY--TOPICAL TERM
Topical term or geographic name entry element Novela
General subdivision Muertos
9 (RLIN) 645
700 1# - ADDED ENTRY--PERSONAL NAME
Personal name Simó Perales, Victoria,
Relator term traductora
9 (RLIN) 646
942 ## - ADDED ENTRY ELEMENTS (KOHA)
Source of classification or shelving scheme Dewey Decimal Classification
Koha item type Books
Existencias
Withdrawn status Lost status Source of classification or shelving scheme Damaged status Not for loan Home library Current library Shelving location Date acquired Source of acquisition Cost, normal purchase price Total Checkouts Total Renewals Full call number Barcode Date last seen Date last checked out Copy number Price effective from Koha item type
    Dewey Decimal Classification     Biblioteca Pública José María del Castillo y Rada Biblioteca Pública José María del Castillo y Rada Processing Center 12/19/2019 Donación 0.00 11 5 J-N NORg 201809745 09/03/2025 08/27/2025 Ej.1 02/17/2020 Books